[Event "Politiken Cup"]
[Site "Copenhagen DEN"]
[Date "2005.07.24"]
[Round "10"]
[White "Hansen,ReR"]
[Black "Ostergaard,R"]
[Result "1/2-1/2"]
[WhiteElo "2084"]
[BlackElo "2184"]

1.e4 e5 2.Nf3 Nc6 3.Bb5 a6 4.Ba4 Nf6 5.O-O Be7 6.Re1 b5 7.Bb3 d6 8.c3 O-O
9.h3 Nb8 10.d4 Nbd7 11.Bc2 Bb7 12.Nbd2 Re8 13.Nf1 Bf8 14.Ng3 g6 15.b3 c6
16.a4 Qc7 17.dxe5 dxe5 18.Qe2 Rad8 19.Be3 Nc5 20.Bxc5 Bxc5 21.Nf1 Bc8 22.Kh2 Nh5
23.g3 Qd7 24.Ng1 Qe7 25.axb5 axb5 26.b4 Bb6 27.Ne3 Nf6 28.Rad1 Be6 29.Rxd8 Rxd8
30.Rd1 Rxd1 31.Nxd1 Bc4 32.Qd2 Qd7 33.Nf3 Qxd2 34.Nxd2 Be6 35.Kg2  1/2-1/2

[Event "Open A"]
[Site "Pardubice CZE"]
[Date "2005.07.24"]
[Round "3"]
[White "Klima,L"]
[Black "Tjurin,A"]
[Result "1-0"]
[WhiteElo "2446"]
[BlackElo "2341"]

1.e4 e5 2.Nf3 Nc6 3.Bb5 a6 4.Ba4 Nf6 5.O-O Be7 6.Re1 b5 7.Bb3 d6 8.c3 O-O
9.h3 Nb8 10.d4 Nbd7 11.Nbd2 Bb7 12.Bc2 Re8 13.Nf1 Bf8 14.Ng3 g6 15.a4 c6
16.Bd3 Bg7 17.Be3 Qc7 18.c4 exd4 19.Bxd4 bxc4 20.Bxc4 c5 21.Bc3 Ne5 22.Nxe5 dxe5
23.a5 Nd7 24.Ra3 Nf8 25.Rb3 Rad8 26.Bd5 Bxd5 27.exd5 Ne6 28.Rb6 Nd4 29.Qa4 f5
30.d6 Qf7 31.Rxa6 Re6 32.Qc4 Rexd6 33.Rxd6 Qxc4 34.Rxd8+ Kf7 35.Ra8 h5 36.a6 Qa4
37.Nf1 h4 38.Nd2 e4 39.a7 Qa6 40.Nc4 Nb5 41.Rd1 Bd4 42.Ne5+ Kg7 43.Bxd4 cxd4
44.Rc1 Nxa7 45.Rc7+ Kf6 46.Rc6+  1-0

[Event "Open A"]
[Site "Pardubice CZE"]
[Date "2005.07.26"]
[Round "5"]
[White "Hrbolka,L jr"]
[Black "Faibisovich,V"]
[Result "0-1"]
[WhiteElo "2255"]
[BlackElo "2440"]

1.e4 e5 2.Nf3 Nc6 3.Bb5 a6 4.Ba4 Nf6 5.O-O Be7 6.Re1 b5 7.Bb3 O-O 8.h3 d6
9.c3 Nb8 10.d4 Nbd7 11.Nbd2 Bb7 12.Bc2 Re8 13.Nf1 Bf8 14.Ng3 g6 15.b3 Bg7
16.Bb2 c5 17.d5 Nb6 18.Nd2 Qc7 19.c4 b4 20.a4 Re7 21.Nf3 Rf8 22.Nh2 Bc8 23.Bc1 Ne8
24.Ra2 Nd7 25.Bd3 Kh8 26.Qc2 Nef6 27.Ng4 Nxg4 28.hxg4 Nf6 29.f3 Ree8 30.Be3 Ng8
31.Kf2 Bh6 32.g5 Bg7 33.Rh1 f6 34.Rh2 fxg5 35.Bxg5 Nf6 36.Ke2 Kg8 37.Ra1 h5
38.Rg1 Nh7 39.Be3 Bf6 40.Ke1 Qe7 41.Qd2 Bg5 42.Ne2 Bxe3 43.Qxe3 Qg5 44.Kd2 Kg7
45.Qxg5 Nxg5 46.Ke3 a5 47.Rf1 Nh7 48.g3 Nf6 49.Kd2 Rf7 50.Rhh1 Bd7 51.Nc1 Rfe7
52.Be2 Rh8 53.Nd3 g5 54.Nf2 Ree8 55.Kd3 Ref8 56.Nd1 Be8 57.Rfg1 Bg6 58.Bf1 g4
59.Bg2 gxf3 60.Bxf3 Nxd5 61.Bxh5 Bxh5 62.cxd5 Bxd1 63.Rxh8 Rf3+ 64.Kd2 Kxh8  0-1

[Event "Open A"]
[Site "Pardubice CZE"]
[Date "2005.07.27"]
[Round "6"]
[White "Klima,L"]
[Black "Azarov,S"]
[Result "1/2-1/2"]
[WhiteElo "2446"]
[BlackElo "2582"]

1.e4 e5 2.Nf3 Nc6 3.Bb5 a6 4.Ba4 Nf6 5.O-O Be7 6.Re1 b5 7.Bb3 d6 8.c3 O-O
9.h3 Nb8 10.d4 Nbd7 11.Nbd2 Bb7 12.Bc2 c5 13.Nf1 Qc7 14.d5 c4 15.Ng3 Rfb8
16.Nf5 Bf8 17.Nh2 Nc5 18.Ng4 Ne8 19.f4 f6 20.Rf1 Bc8 21.fxe5 dxe5 22.Nge3 Nd6
23.Nxd6 Bxd6 24.g4 Nb7 25.Nf5 Bc5+ 26.Kh1 Bxf5 27.gxf5 Nd6 28.Qg4 b4 29.Rf3 b3
30.Bd1 bxa2 31.Rxa2 Rb3 32.Bxb3 cxb3 33.Ra4 Kh8 34.Rg3 a5 35.Bh6 gxh6 36.Rxa5 Ba7
37.Ra6 h5 38.Qh4 Rf8 39.Rc6 Qb8 40.Rg2 Be3 41.Qg3 Bh6 42.Qd3 Bf4 43.Rg1 Qa7
44.Rxd6 Qf2 45.Rg2 Qe1+ 46.Rg1  1/2-1/2

[Event "Open A"]
[Site "Pardubice CZE"]
[Date "2005.07.28"]
[Round "7"]
[White "Kovalev,An"]
[Black "Klima,L"]
[Result "1/2-1/2"]
[WhiteElo "2548"]
[BlackElo "2446"]

1.e4 e5 2.Nf3 Nc6 3.Bb5 a6 4.Ba4 Nf6 5.O-O Be7 6.Re1 b5 7.Bb3 d6 8.c3 O-O
9.h3 Nb8 10.d4 Nbd7 11.Nbd2 Bb7 12.Bc2 Re8 13.Nf1 Bf8 14.Ng3 g6 15.b3 c5
16.d5 Qc7 17.Bg5 h6 18.Be3 Bg7 19.Qd2 Kh7 20.Nh2 c4 21.b4 a5 22.a4 axb4 23.cxb4 bxa4
24.Bxa4 c3 25.Qd3 Rec8 26.Bb3 Qb8 27.Bc2 Ne8 28.Ne2 Nc7 29.Nxc3 Rxa1 30.Rxa1 Ba6
31.b5 Nxb5 32.Nxb5 Bxb5 33.Qb3 Bf6 34.Ng4 Bg7 35.Ra5 Be2 36.Ra7 Qxb3 37.Bxb3 Nc5
38.Bxc5 Rxc5 39.Rxf7 Kg8 40.Rd7 h5 41.Rxd6 hxg4 42.hxg4 Rb5 43.Ba4 Rb4 44.Be8 Rxe4
45.f3 Rd4 46.Bxg6 Bf8 47.Rd7 Bb5 48.Rb7 Ba6 49.Rc7 Bh6 50.Kh2 Bg5 51.Be4 Bc4
52.d6 Be6 53.Bf5 Rxd6 54.Bxe6+ Rxe6 55.g3 Be7 56.Rc4 Bd6 57.Re4 Kf7 58.Kg2 Rg6
59.Ra4 Ke6 60.Ra5 Rg8 61.Rb5 Rc8 62.Rb2 Rc3 63.Re2 Kf6 64.Rd2 Bc5 65.Re2 Be3
66.Ra2 Bd4 67.Re2 Be3 68.Ra2 Ke6 69.Ra6+ Kd5 70.Rf6 Ra3 71.Rf5 Ke6 72.f4 Bd4
73.fxe5 Bxe5 74.Rf3 Ra2+ 75.Kh3 Bf6 76.Rb3 Kf7 77.Rb7+ Kg6 78.Rb6 Ra8 79.Rb5 Re8
80.Rb3 Rh8+ 81.Kg2 Kg5 82.Kf3 Rc8 83.Rb5+ Kg6 84.Rb3 Rc5 85.Kg2 Rc4 86.Kh3 Re4
87.Ra3 Kg5 88.Rf3 Be5 89.Rf5+ Kg6 90.Rf3 Re2 91.Ra3 Kg5 92.Rf3 Bd4 93.Rf5+ Kg6
94.Rd5 Re4 95.Rd6+ Kg5 96.Rd8 Be5 97.Rg8+ Kh6 98.Kh4 Re1 99.g5+ Kh7 100.Ra8 Re4+
101.Kh5 Bxg3 102.g6+ Kg7 103.Ra7+ Kg8  1/2-1/2

[Event "Open A"]
[Site "Pardubice CZE"]
[Date "2005.07.28"]
[Round "7"]
[White "Ejsmont,K"]
[Black "Maiorov,N"]
[Result "1/2-1/2"]
[WhiteElo "2310"]
[BlackElo "2453"]

1.e4 e5 2.Nf3 Nc6 3.Bb5 a6 4.Ba4 Nf6 5.O-O Be7 6.Re1 b5 7.Bb3 d6 8.c3 O-O
9.h3 Nb8 10.d4 Nbd7 11.Nbd2 Bb7 12.Bc2 Re8 13.Nf1 Bf8 14.Ng3 g6 15.b3 c6
16.a4 Qc7 17.Be3 Bg7 18.Qd2 Nf8 19.Red1 Rad8 20.axb5 axb5 21.dxe5 dxe5 22.Qe2 Ne6
23.Rxd8 Rxd8 24.b4 Nd7 25.Bb3 Re8 26.Ra7 Nb6 27.Qa2 Nc8 28.Ra5 Bf6 29.c4 bxc4
30.Bxc4 Nd6 31.Bxe6 Rxe6 32.Rc5 Re8 33.Qb2 Qe7 34.Qc1 Nb5 35.Bg5 Nd4 36.Bxf6 Nxf3+
37.gxf3 Qxf6 38.Kg2 Qh4 39.Qh1 h5 40.Qh2 Qf6 41.Nf1 h4 42.Ne3 Bc8 43.Ng4 Bxg4
44.fxg4 Qd6 45.Qg1 Ra8 46.Qc1 Ra2 47.Rxc6 Qd4 48.Qe1 Rb2 49.b5 Rxb5 50.Rc2 Kg7
51.Re2 Rb3 52.Qd2 Qxd2 53.Rxd2 Kh6 54.Rd7 f6 55.Rd6 Kg5 56.Rc6 Rb4 57.Kf3 Rb1
58.Ra6 Rg1 59.Ra8 Rh1 60.Kg2 Re1  1/2-1/2

[Event "Petrovskaya Ladya IM"]
[Site "Peterhof RUS"]
[Date "2005.08.03"]
[Round "3"]
[White "Eliseev,Alexe"]
[Black "Kostiuk,T"]
[Result "1/2-1/2"]
[WhiteElo "2439"]
[BlackElo "2281"]

1.e4 e5 2.Nf3 Nc6 3.Bb5 a6 4.Ba4 Nf6 5.O-O Be7 6.Re1 b5 7.Bb3 d6 8.c3 O-O
9.h3 Nb8 10.d4 Nbd7 11.Nbd2 Bb7 12.Bc2 Re8 13.Nf1 Bf8 14.Ng3 g6 15.b3 d5
16.Nxe5 Nxe4 17.Nxe4 dxe4 18.Bf4 f6 19.Nxd7 Qxd7 20.Qg4 f5 21.Qg3 Bd6 22.h4 Bxf4
23.Qxf4 Qd6 24.g3 Qxf4 25.gxf4 Red8 26.Kf1 Rd6 27.Ke2 Rad8 28.Red1 Bd5 29.a4 Rc6
30.Kd2 b4 31.c4 Bf7 32.Ke3 a5 33.Rd2 Rcd6 34.Rad1 c6 35.f3 exf3 36.Kxf3 Kg7
37.Kf2 Kf6 38.Rd3 Re8 39.Re3 Rxe3 40.Kxe3 h6 41.Rd2 Re6+ 42.Kf3 Rd6 43.Kg3 Re6
44.Kf2 Rd6 45.Bd1 c5 46.Bf3 cxd4 47.c5 Rd8 48.Bb7 Ke7 49.c6 Kd6 50.Ke2  1/2-1/2

[Event "2nd Dato' Arthur Tan Malaysian Open"]
[Site "Kuala Lumpur MAS"]
[Date "2005.08.21"]
[Round "3"]
[White "Zhang Jilin"]
[Black "Sriram,J"]
[Result "0-1"]
[WhiteElo "2356"]
[BlackElo "2437"]

1.e4 e5 2.Nf3 Nc6 3.Bb5 a6 4.Ba4 Nf6 5.O-O Be7 6.Re1 b5 7.Bb3 d6 8.c3 O-O
9.h3 Nb8 10.a4 Bb7 11.d3 Nbd7 12.axb5 axb5 13.Rxa8 Qxa8 14.Na3 Qa5 15.Bc2 c5
16.d4 Rc8 17.Bb1 cxd4 18.b4 Qb6 19.cxd4 exd4 20.Qxd4 d5 21.Bd2 dxe4 22.Qxb6 Nxb6
23.Ng5 Nc4 24.Nxc4 Rxc4 25.Ba2 Rc2 26.Bxf7+ Kf8 27.Be3 Rb2 28.Bd4 Rxb4 29.Bc3 h6
30.Bxb4 Bxb4 31.Rb1 hxg5 32.Ba2 Bd2 33.Rxb5 e3 34.fxe3 Bxe3+ 35.Kh1 Bc6 36.Rb8+ Ke7
37.Rc8 Kd6 38.Bc4 Nh5 39.Kh2 Bf4+ 40.Kg1 Be3+ 41.Kh2 Bf4+ 42.Kg1 Nf6 43.Be2 Kd7
44.Rf8 Bd5 45.Rh8 Bg3 46.Bb5+ Kc7 47.Rf8 Bd6 48.Rh8 Bg8 49.h4 g4 50.h5 Bf4
51.Kf2 Kd6 52.Bd3 g3+ 53.Ke2 Ke5 54.Bb5 Kf5 55.Kf1 Kg5 56.Be2 Be3 57.Bf3 Bd4
58.Ke2 Bc4+ 59.Kd2 Bg8 60.Bc6 Be5 61.Bf3 g6 62.Kc2 gxh5 63.Bxh5 Bh7+ 64.Kd2 Ne4+  0-1

[Event "2nd Dato' Arthur Tan Malaysian Open"]
[Site "Kuala Lumpur MAS"]
[Date "2005.08.23"]
[Round "6"]
[White "Wu Xibin"]
[Black "Irwanto,S"]
[Result "1/2-1/2"]
[WhiteElo "2390"]
[BlackElo "2517"]

1.e4 e5 2.Nf3 Nc6 3.Bb5 a6 4.Ba4 Nf6 5.O-O Be7 6.Re1 b5 7.Bb3 d6 8.c3 O-O
9.h3 Nb8 10.d4 Nbd7 11.c4 Bb7 12.Nc3 b4 13.Nd5 Nxd5 14.cxd5 exd4 15.Nxd4 Bf6
16.Be3 Nc5 17.f3 a5 18.Qd2 Be5 19.Bc4 h6 20.Nf5 Bc8 21.Bxc5 dxc5 22.f4 Bf6
23.g4 Bxf5 24.gxf5 Bd4+ 25.Kh2 Qh4 26.Re2 Kh8 27.Rg2 Rfe8 28.Re1 f6 29.Ree2 Re7
30.Rg6 Rd8 31.b3 Rd6 32.Qc1 c6 33.dxc6 Rxc6 34.Qf1 Rc8 35.Qf3 Rd8 36.Be6 Bc3  1/2-1/2

[Event "Geller mem Open A"]
[Site "Odessa UKR"]
[Date "2005.09.15"]
[Round "1"]
[White "Vasilyev,M"]
[Black "Makarov,P"]
[Result "1-0"]
[WhiteElo "2342"]
[BlackElo "2147"]

1.e4 e5 2.Nf3 Nc6 3.Bb5 a6 4.Ba4 Nf6 5.O-O Be7 6.Re1 b5 7.Bb3 d6 8.c3 O-O
9.h3 Nb8 10.d4 Nbd7 11.Nbd2 Bb7 12.a4 c5 13.d5 c4 14.Bc2 Nc5 15.axb5 axb5
16.Rxa8 Qxa8 17.Nf1 Re8 18.Ng3 g6 19.Nh2 Bf8 20.Ng4 Bg7 21.Qf3 Nxg4 22.hxg4 Qa2
23.Ne2 Rf8 24.Ng3 Bc8 25.Qe2 Bd7 26.Bg5 f6 27.Bb1 Qa4 28.Be3 Rb8 29.Bxc5 dxc5
30.Qe3 Qa7 31.g5 b4 32.gxf6 Bxf6 33.Nf1 bxc3 34.bxc3 Rb2 35.Nd2 Bb5 36.Nf3 Qb6
37.Nd2 Kg7 38.g3 h6 39.Kg2 Qc7 40.Nf3 Bd7 41.Rh1 g5 42.Qc1 Qb7 43.Bc2 Bg4
44.Bd1 Rb1 45.Qe3 Qe7 46.Be2 Rxh1 47.Kxh1 h5 48.Bxc4 h4 49.Nh2 Bc8 50.Be2 Qa7
51.gxh4 gxh4 52.Bg4 Qa1+ 53.Kg2 Ba6 54.Qxc5 Qb1 55.Qc7+ Kh6 56.Bf5 Kg5 57.Qh7 Kf4
58.Qh5 h3+ 59.Qxh3  1-0

[Event "Geller mem Open A"]
[Site "Odessa UKR"]
[Date "2005.09.20"]
[Round "6"]
[White "Berdiugina,E"]
[Black "Nester,I"]
[Result "1/2-1/2"]
[WhiteElo "2118"]
[BlackElo "2336"]

1.e4 e5 2.Nf3 Nc6 3.Bb5 a6 4.Ba4 Nf6 5.O-O Be7 6.Re1 b5 7.Bb3 d6 8.c3 O-O
9.h3 Nb8 10.d4 Nbd7 11.Nbd2 Bb7 12.Bc2 Re8 13.Nf1 Bf8 14.Ng3 g6 15.a4 c6
16.Bg5 Qc7 17.dxe5 dxe5 18.Qc1 c5 19.Nh4 Kh8 20.Bh6 c4 21.Bxf8 Nxf8 22.Qg5 Ng8
23.Nf3 f6 24.Qe3 Ne6 25.h4 Qc5 26.Qxc5 Nxc5 27.Red1 Red8 28.Rxd8 Rxd8 29.axb5 axb5
30.Ne1 Ne7 31.Ra5 Bc6 32.Ra7 Bb7 33.Ra5 Ba6 34.b3 cxb3 35.Bxb3 Rd6 36.Bc2 Kg7
37.f3 Nc8 38.Nf1 Kf7 39.c4 Nb7 40.Ra1 bxc4 41.Ne3 Ne7 42.Ra4 Rc6 43.Rb4 Nd8
44.Nxc4 Bxc4 45.Rxc4 Rxc4  1/2-1/2

[Event "TCh-NED 2005-6"]
[Site "Netherlands NED"]
[Date "2005.10.15"]
[Round "2"]
[White "Van den Doel,E"]
[Black "Werle,J"]
[Result "0-1"]
[WhiteElo "2582"]
[BlackElo "2509"]

1.e4 e5 2.Nf3 Nc6 3.Bb5 a6 4.Ba4 Nf6 5.O-O Be7 6.Re1 b5 7.Bb3 d6 8.c3 O-O
9.h3 Nb8 10.d4 Nbd7 11.Nbd2 Bb7 12.Bc2 Re8 13.Nf1 Bf8 14.Ng3 g6 15.b3 Bg7
16.d5 Rc8 17.c4 c6 18.Be3 Qc7 19.Rc1 b4 20.Qd2 c5 21.a3 a5 22.a4 Nf8 23.Bd3 Ra8
24.Nh2 h5 25.f4 exf4 26.Bxf4 N8d7 27.Rf1 Ne5 28.Be2 Bc8 29.Rce1 Nh7 30.Bd1 Qe7
31.Re2 Bd7 32.Ref2 Rf8 33.Bc2 Rae8 34.Ne2 g5 35.Bg3 h4 36.Bxe5 Bxe5 37.Qd3 f6
38.Qf3 Rf7 39.Ng4 Bxg4 40.Qxg4 Nf8 41.Kh1 Ng6 42.Rf5 Rg7 43.Ng1 Bf4 44.Ne2 Be5
45.Ng1 Rf8 46.Nf3 Bf4 47.Bd3 Rff7 48.Bc2 Qf8 49.Bb1 Ne7 50.Rxf4 gxf4 51.Qxf4 Ng6
52.Qg4 Qe7 53.Nxh4 Nxh4 54.Qxh4 Qe5 55.Qf2 Rg3 56.Bc2 Rfg7 57.Rg1 R7g5 58.Bd1 Qxe4
59.Bf3 Qh4 60.Qf1 Kg7 61.Kh2 Qf4 62.Kh1 Re5 63.Qd1 Re3 64.Rf1 Qd4 65.Qc2 Qd3
66.Qf2 Rexf3 67.gxf3 Rxh3+ 68.Kg2 Rh5 69.f4 Qh3+  0-1

[Event "Chigorin Mem"]
[Site "St Petersburg RUS"]
[Date "2005.10.18"]
[Round "4"]
[White "Demianjuk,A"]
[Black "Khairullin,I"]
[Result "0-1"]
[WhiteElo "2283"]
[BlackElo "2537"]

1.e4 e5 2.Nf3 Nc6 3.Bb5 a6 4.Ba4 Nf6 5.O-O Be7 6.Re1 b5 7.Bb3 d6 8.c3 O-O
9.h3 Nb8 10.d4 Nbd7 11.Nbd2 Bb7 12.a4 h6 13.Bc2 Re8 14.Nf1 Bf8 15.Ng3 g6
16.Bd3 c6 17.b3 Bg7 18.Bb2 Nh7 19.axb5 axb5 20.Rxa8 Bxa8 21.Qd2 Bb7 22.Rd1 Ng5
23.Nxg5 Qxg5 24.Qxg5 hxg5 25.Ra1 b4 26.Ra7 Rb8 27.Ne2 bxc3 28.Bxc3 exd4 29.Bxd4 Ne5
30.Bc2 c5 31.Be3 Nc6 32.Ra4 Nb4 33.Bb1 Ba6 34.Nc1 Bf6 35.Bd2 Bb5 36.Ra7 Nc6
37.Rd7 Nd4 38.Ra7 Bc4 39.e5 Bxe5 40.Bxg5 Nxb3 41.Nxb3 Bxb3 42.Bd3 c4 43.Be4 c3
44.Ra8 Rxa8 45.Bxa8 Bc4 46.g4 d5 47.Kg2 f6 48.Bc1 d4 49.f4 Bd6  0-1

[Event "SCG First League m"]
[Site "Vrnjacka Banja SCG"]
[Date "2005.10.19"]
[Round "3"]
[White "Fontaine,R"]
[Black "Lekic,D"]
[Result "1-0"]
[WhiteElo "2507"]
[BlackElo "2352"]

1.e4 e5 2.Nf3 Nc6 3.Bb5 a6 4.Ba4 Nf6 5.O-O Be7 6.Re1 b5 7.Bb3 O-O 8.h3 d6
9.c3 Nb8 10.d4 Nbd7 11.Nbd2 Bb7 12.Bc2 Re8 13.b3 Bf8 14.d5 c6 15.c4 bxc4
16.bxc4 a5 17.Rb1 Qc7 18.Ba3 Rec8 19.Ba4 Nb6 20.c5 Nxa4 21.cxd6 Bxd6 22.Bxd6 Qxd6
23.Qxa4 Rcb8 24.Nc4 Qc5 25.Nb6 Ra6 26.Rec1 Rxb6 27.Rxc5 Rxb1+ 28.Kh2 cxd5
29.Rb5  1-0

[Event "SCG First League m"]
[Site "Vrnjacka Banja SCG"]
[Date "2005.10.26"]
[Round "10"]
[White "Djukic,Ni"]
[Black "Lekic,D"]
[Result "1-0"]
[WhiteElo "2537"]
[BlackElo "2352"]

1.e4 e5 2.Nf3 Nc6 3.Bb5 a6 4.Ba4 Nf6 5.O-O Be7 6.Re1 b5 7.Bb3 d6 8.c3 O-O
9.h3 Nb8 10.d4 Nbd7 11.Nbd2 Bb7 12.Bc2 Re8 13.a4 c5 14.b3 cxd4 15.cxd4 Bf8
16.d5 Qc7 17.Ba3 Rec8 18.Bd3 Qb6 19.Qe2 Nh5 20.Qe3 Qxe3 21.fxe3 Rc3 22.Bf1 Ng3
23.Bb4 Rcc8 24.Bd3 bxa4 25.Rxa4 a5 26.Rxa5 Rxa5 27.Bxa5 Nc5 28.Bb1 f5 29.exf5 Bxd5
30.b4 Nb7 31.e4 Nxa5 32.bxa5 Bf7 33.Ng5 d5 34.Nxf7 Kxf7 35.Nf3 Kf6 36.exd5 Bb4
37.Rd1 Bxa5 38.d6 e4 39.Kh2 Nxf5 40.Bxe4 Rd8 41.Bxf5 Kxf5 42.Rd5+  1-0

[Event "25th An FMA"]
[Site "Madrid ESP"]
[Date "2005.11.03"]
[Round "8"]
[White "Salgado Lopez,I"]
[Black "Roa Alonso,S"]
[Result "0-1"]
[WhiteElo "2372"]
[BlackElo "2364"]

1.e4 e5 2.Nf3 Nc6 3.Bb5 a6 4.Ba4 Nf6 5.O-O Be7 6.Re1 b5 7.Bb3 d6 8.c3 O-O
9.h3 Nb8 10.d4 Nbd7 11.Nbd2 Bb7 12.Bc2 Re8 13.Nf1 Bf8 14.Ng3 g6 15.b3 c6
16.Bg5 h6 17.Be3 Qc7 18.Qd2 Kh7 19.Rad1 c5 20.d5 c4 21.b4 a5 22.a3 axb4 23.axb4 Ra2
24.Ra1 Rea8 25.Rxa2 Rxa2 26.Qc1 Qb8 27.Bb1 Ra1 28.Re2 Qa8 29.Ne1 Ra3 30.Qc2 Be7
31.Bc1 Ra6 32.h4 Ng4 33.h5 Bd8 34.f3 Bb6+ 35.Kh1 Qd8 36.Nf5 gxf5 37.g3 Ngf6
38.exf5 Bxd5 39.g4 e4 40.Qd2 e3 41.Rxe3 Ra1 42.Re6 Rxb1 43.Qxh6+ Kg8 44.Qg5+ Kh8
45.Qh6+ Nh7 46.Bg5 fxe6 47.Bxd8 Rxe1+ 48.Kg2 Bxd8 49.Qd2 Re5 50.fxe6 Ndf6
51.h6 Ng5 52.Qd4 Nxe6 53.Qa7 Nxg4 54.Qd7 Ne3+ 55.Kf2 Nf5 56.Qa7 Bh4+ 57.Kg2 Nf4+
58.Kh2 Bg3+  0-1

[Event "Jovenes Promesas"]
[Site "Malaga ESP"]
[Date "2006.01.20"]
[Round "5"]
[White "Naranjo Moreno,A"]
[Black "Fernandez Siles,L"]
[Result "1/2-1/2"]
[WhiteElo "2132"]
[BlackElo "2291"]

1.e4 e5 2.Nf3 Nc6 3.Bb5 a6 4.Ba4 Nf6 5.O-O Be7 6.Re1 b5 7.Bb3 d6 8.c3 O-O
9.h3 Nb8 10.d4 Nbd7 11.Nbd2 Bb7 12.Bc2 Re8 13.Nf1 Bf8 14.Ng3 g6 15.b3 d5
16.dxe5 dxe4 17.Nxe4 Nxe4 18.Bxe4 Bxe4 19.Rxe4 Nxe5 20.Bf4 Qxd1+ 21.Rxd1 Nxf3+
22.gxf3 c5 23.Rxe8 Rxe8 24.Kf1 Bg7 25.Rd5 Bxc3 26.Rxc5 Bb4 27.Rc6 Re1+ 28.Kg2 Re6
29.Rxe6 fxe6 30.Be5 Kf7  1/2-1/2

[Event "4th Parsvnath Open"]
[Site "New Delhi IND"]
[Date "2006.01.20"]
[Round "8"]
[White "Dzhumaev,M"]
[Black "Sangma,R"]
[Result "1/2-1/2"]
[WhiteElo "2516"]
[BlackElo "2339"]

1.e4 e5 2.Nf3 Nc6 3.Bb5 a6 4.Ba4 Nf6 5.O-O Be7 6.Re1 b5 7.Bb3 d6 8.c3 O-O
9.h3 Nb8 10.d4 Nbd7 11.Bg5 Bb7 12.Nbd2 c5 13.Bh4 h6 14.Bg3 Qc7 15.Nh4 Rfe8
16.f4 exd4 17.cxd4 Nxe4 18.Nf5 Bf8 19.Qg4 Ndf6 20.Qg6 c4 21.Nxh6+ Kh8 22.Nxf7+ Kg8
23.Nh6+ Kh8 24.Nxe4 Bxe4 25.Rxe4 Nxe4 26.Bc2 gxh6 27.Bxe4 Qg7 28.Qxg7+ Bxg7
29.Bxa8 Bxd4+ 30.Bf2 Bxf2+ 31.Kxf2 Rxa8 32.Rd1 Rd8 33.Rd5 Kg7 34.g4 Kf7 35.a3 Ke7
36.Ke3 Rc8 37.Kd2 Rc5 38.Rd4 d5 39.h4 Ke6 40.Kc3 Rc8 41.Kb4 Kd6 42.g5 hxg5
43.hxg5 Re8 44.f5 Re2 45.Rf4 Rxb2+ 46.Ka5 Ke7 47.f6+ Kf8 48.Rd4 Rb3 49.Kxa6 Rxa3+
50.Kxb5 Rd3 51.Rg4 c3 52.g6 Rf3 53.f7 Kg7 54.Rg2 Rf4 55.Kc5 d4 56.Kc4 c2
57.Rxc2 Kxg6 58.f8=Q Rxf8  1/2-1/2

[Event "GM"]
[Site "Marianske Lazne CZE"]
[Date "2006.01.23"]
[Round "3"]
[White "Stehno,P"]
[Black "Voloshin,L"]
[Result "0-1"]
[WhiteElo "2310"]
[BlackElo "2466"]

1.e4 e5 2.Nf3 Nc6 3.Bb5 a6 4.Ba4 Nf6 5.O-O Be7 6.Re1 b5 7.Bb3 d6 8.c3 O-O
9.h3 Nb8 10.d4 Nbd7 11.Nbd2 Bb7 12.Bc2 Re8 13.Nf1 Bf8 14.Ng3 g6 15.a4 c5
16.d5 c4 17.Be3 Qc7 18.Nd2 Nc5 19.Qe2 Nfd7 20.a5 Bg7 21.Ngf1 Rf8 22.g4 f5
23.exf5 gxf5 24.gxf5 Bxd5 25.Bxc5 Nxc5 26.Ng3 Bb7 27.Rad1 d5 28.Qh5 e4 29.Ndf1 Be5
30.Ne2 Nd3 31.Bxd3 cxd3 32.Nd4 Bxd4 33.cxd4 Qg7+ 34.Kh1 Qxd4 35.Ne3 Kh8 36.Rg1 Qf6
37.Rg6 Qf7 38.Rdg1 d4 39.Ng4 e3+ 40.Kh2 Qc7+ 41.Rg3 e2 42.Re6 d2 43.Ne5 Qxe5
44.Rxe5 d1=Q  0-1

[Event "Gibtelecom Masters"]
[Site "Gibraltar ENG"]
[Date "2006.01.31"]
[Round "8"]
[White "Ocana Roca,J"]
[Black "Almer,J"]
[Result "1-0"]
[WhiteElo "2125"]
[BlackElo "1848"]

1.e4 e5 2.Nf3 Nc6 3.Bb5 a6 4.Ba4 Nf6 5.O-O Be7 6.Re1 b5 7.Bb3 d6 8.c3 O-O
9.h3 Nb8 10.d4 Nbd7 11.Nbd2 Bb7 12.Bc2 Re8 13.a4 Bf8 14.Bd3 Rb8 15.Qe2 d5
16.dxe5 dxe4 17.Nxe4 Nxe4 18.Bxe4 Nxe5 19.Nxe5 Bxe4 20.Qxe4 f6 21.axb5 axb5
22.Bf4 fxe5 23.Bxe5 Qg5 24.f4 Qh4 25.Kh1 Bd6 26.Qd5+ Kh8 27.Qc6 Kg8 28.Re2 Qh5
29.Rae1 h6 30.Re4 Qg6 31.Qd5+ Kh7 32.R4e3 b4 33.Bxd6 cxd6 34.f5 Qh5 35.g4 Qh4
36.Rxe8 Rxe8 37.Rxe8 Qxh3+ 38.Kg1 Qxg4+ 39.Kf2 Qh4+ 40.Kf1 Qh3+ 41.Ke1 Qh4+
42.Kd2 bxc3+ 43.bxc3 Qf2+ 44.Re2 Qf4+ 45.Kd3 Qf1 46.Qe4 d5 47.Qg4 Qd1+ 48.Ke3 Qa1
49.Kf2 Qa7+ 50.Kg2  1-0

[Event "13th Open Metalis"]
[Site "Bizovac CRO"]
[Date "2006.02.24"]
[Round "4"]
[White "Berescu,A"]
[Black "Pavasovic,D"]
[Result "1/2-1/2"]
[WhiteElo "2433"]
[BlackElo "2535"]

1.e4 e5 2.Nf3 Nc6 3.Bb5 a6 4.Ba4 Nf6 5.O-O Be7 6.Re1 b5 7.Bb3 d6 8.c3 O-O
9.h3 Nb8 10.d4 Nbd7 11.Nbd2 Bb7 12.Bc2 Re8 13.Nf1 Bf8 14.Ng3 g6 15.a4 Bg7
16.d5 Qb8 17.b3 c6 18.c4 bxc4 19.bxc4 a5 20.Be3 Qc7 21.Qd2 Ba6 22.Bd3 Nc5
23.Bxc5 dxc5 24.Rac1 Rab8 25.Qe3 Nd7 26.Nd2 Rb4 27.Ra1 Bf8 28.Ne2 cxd5 29.cxd5 c4
30.Bc2 Bc5 31.Qf3 Rb6 32.Qg3 Rb2 33.Rec1 Bb4 34.Nc3 Nc5 35.Nd1 c3 36.Nxc3 Nb7
37.Bd3 Rxd2 38.Bxa6 Nc5 39.Bb5 Rd8  1/2-1/2

[Event "Masters"]
[Site "Bruges BEL"]
[Date "2006.02.28"]
[Round "5"]
[White "Zozulia,A"]
[Black "Leenhouts,K"]
[Result "1/2-1/2"]
[WhiteElo "2366"]
[BlackElo "2398"]

1.e4 e5 2.Nf3 Nc6 3.Bb5 a6 4.Ba4 Nf6 5.O-O Be7 6.Re1 b5 7.Bb3 O-O 8.h3 d6
9.c3 Nb8 10.d4 Nbd7 11.Nbd2 Bb7 12.Bc2 Re8 13.Nf1 Bf8 14.Ng3 g6 15.b3 c6
16.Be3 Qc7 17.Qd2 Bg7 18.Rad1 Rad8 19.Bh6 Bh8 20.Nf5 Nf8 21.Bxf8 Kxf8 22.dxe5 dxe5
23.Qh6+ Kg8 24.Rxd8 Rxd8 25.Qg5 Nh5 26.Nh6+ Kf8 27.Ng4 f6 28.Qh6+ Qg7 29.Qe3 Nf4
30.Qb6 Qe7 31.b4 Rd7 32.Kh2 Bg7 33.Bb3 Ke8 34.a4 Qd8 35.Qxd8+ Kxd8 36.Ra1 Nd3
37.axb5 axb5 38.Ne1 h5 39.Be6 Nxe1 40.Bxd7 Kxd7 41.Ne3 Nxg2 42.Kxg2 Bf8 43.f3 Kc7
44.h4 Bc8 45.Kf2 Be6 46.Ra7+ Kd6 47.Nc2 Be7 48.Kg2 f5 49.Ne1 Bc4 50.Kh3 Bf1+
51.Ng2 Be2 52.Ne1 Bc4 53.Nc2 Bd3 54.Ne3 fxe4 55.fxe4 Bxe4 56.Nf1 Bf5+ 57.Kg3 g5
58.hxg5 Bxg5 59.Ra8 h4+ 60.Kf2 h3 61.Ng3 Bh4 62.Rh8 Bxg3+ 63.Kxg3 Kd5 64.Rh4 Be6
65.Kf3 Bf5 66.Ke3 e4 67.Rh5 Ke5 68.Rh6 Kd5 69.Rh5 Ke5 70.Rh6 Bg4 71.Rh8 Kf5
72.Rg8 Bf3 73.Rh8 Kg4 74.Kf2 Bg2 75.Rg8+ Kf4 76.Rf8+ Ke5 77.Rh8 Kd5 78.Ke3 Kc4
79.Kd2 e3+ 80.Kxe3 Kxc3 81.Rh4 Bf1 82.Rh6 Kxb4 83.Rxc6 Bg2 84.Rh6 Kc3 85.Rh8 b4
86.Rc8+ Kb2 87.Rh8 b3 88.Kd2 Ka2 89.Rh6 Bf1 90.Rh8 Bg2 91.Rh6 Bf1 92.Rh8 Ka3
93.Kc3 Bg2 94.Rh7 Ka4 95.Ra7+ Kb5 96.Kxb3 Bd5+ 97.Kc3 h2 98.Rh7  1/2-1/2

[Event "ch-BLR"]
[Site "Minsk BLR"]
[Date "2006.03.05"]
[Round "2"]
[White "Fedorov,Alex"]
[Black "Maiorov,N"]
[Result "1-0"]
[WhiteElo "2608"]
[BlackElo "2490"]

1.e4 e5 2.Nf3 Nc6 3.Bb5 a6 4.Ba4 Nf6 5.O-O Be7 6.Re1 b5 7.Bb3 d6 8.c3 O-O
9.h3 Nb8 10.d4 Nbd7 11.Nbd2 Bb7 12.Bc2 Re8 13.Nf1 Bf8 14.Ng3 g6 15.b3 c6
16.Bg5 Bg7 17.Qd2 Qc7 18.a4 Rac8 19.Bd3 Nf8 20.Rec1 Ne6 21.Be3 Nd7 22.Bf1 Nb6
23.a5 Nd7 24.b4 Qd8 25.Ra2 Qe7 26.c4 bxc4 27.Rxc4 Nc7 28.Rc1 Nb5 29.Rac2 Na3
30.Rc3 Nb5 31.Bxb5 axb5 32.a6 Bxa6 33.Rxc6 Rxc6 34.Rxc6 Bc8 35.d5 Nf6 36.Qa2 Bd7
37.Rb6 Rc8 38.Qa7 Qf8 39.Bg5 Be8 40.Qb7 Rc4 41.Ra6 Nd7 42.Qxb5 Rc2 43.Ra8 f6
44.Be3 Kf7 45.Qa6 Bh6 46.Bxh6 Qxh6 47.Qxd6 Qc1+ 48.Nf1 Rc8  1-0

[Event "ch-BLR"]
[Site "Minsk BLR"]
[Date "2006.03.07"]
[Round "4"]
[White "Zhigalko,A"]
[Black "Maiorov,N"]
[Result "1-0"]
[WhiteElo "2505"]
[BlackElo "2490"]

1.e4 e5 2.Nf3 Nc6 3.Bb5 a6 4.Ba4 Nf6 5.O-O Be7 6.Re1 b5 7.Bb3 d6 8.c3 O-O
9.h3 Nb8 10.d4 Nbd7 11.Nbd2 Bb7 12.Bc2 Re8 13.Nf1 Bf8 14.Ng3 g6 15.a4 c5
16.d5 c4 17.Bg5 h6 18.Be3 Nc5 19.Qd2 h5 20.Bg5 Be7 21.Ra3 Rb8 22.Rea1 Nh7
23.Be3 Bf6 24.Ne2 Bg7 25.Qd1 Nf6 26.Nd2 Kh7 27.Nc1 Bh6 28.Bxh6 Kxh6 29.axb5 axb5
30.b3 cxb3 31.Ncxb3 Qc7 32.Nxc5 Qxc5 33.Bd3 Bc8 34.Rb3 Bd7 35.Qc1 Kg7 36.Qb2 Rb7
37.Rb4 Reb8 38.c4 Ne8 39.Rc1 Nc7 40.cxb5 Qa7 41.Ra1 Qc5 42.Rc1 Qa7 43.Nc4 Rxb5
44.Rxb5 Rxb5 45.Qd2 Ne8 46.Nxe5 dxe5 47.Bxb5 Bxb5 48.Qb2 Qa6 49.Ra1 Qb6 50.Rb1 Nd6
51.Qxe5+ f6 52.Qe7+ Nf7 53.Rc1 Qd6 54.Rc7 Qxe7 55.Rxe7 Kf8 56.Re6 f5 57.e5 Bc4
58.Rxg6 Nxe5 59.Rf6+ Kg7 60.Rxf5 Nd7 61.Rxh5 Kg6 62.g4 Nf6 63.d6 Be6 64.Re5 Kf7
65.f4 Nd7 66.Re3 Nb6 67.f5 Bd7 68.Kf2 Nc8 69.Rd3 Kf6 70.Rd5 Nb6 71.Rc5 Ba4
72.Kg3 Nd7 73.Ra5 Bc6 74.Kf4 Nb6 75.g5+ Kf7 76.Ra7+ Nd7 77.h4 Bb5 78.h5  1-0

[Event "TCh-FIN 2005-6"]
[Site "Espoo FIN"]
[Date "2006.03.11"]
[Round "8"]
[White "Nieminen,K"]
[Black "Sammalvuo,N"]
[Result "1-0"]
[WhiteElo "2166"]
[BlackElo "2249"]

1.e4 e5 2.Nf3 Nc6 3.Bb5 a6 4.Ba4 Nf6 5.O-O Be7 6.Re1 b5 7.Bb3 d6 8.c3 O-O
9.h3 Nb8 10.d4 Nbd7 11.Nbd2 Bb7 12.Bc2 Re8 13.Nf1 Bf8 14.Ng3 g6 15.b3 Bg7
16.d5 Rc8 17.Be3 c6 18.c4 cxd5 19.cxd5 b4 20.Nd2 a5 21.Nc4 Qc7 22.Rc1 Nc5
23.Qd2 Nfd7 24.a3 Na6 25.Ra1 Ndc5 26.Bxc5 Qxc5 27.axb4 axb4 28.Ra5 Qc7 29.Rea1 Ra8
30.Qe3 Nc5 31.Qe1 Rxa5 32.Rxa5 Rb8 33.Ra7 Qd8 34.Qa1 Bf6 35.Nf1 Bh4 36.Nfe3 Qf6
37.g3 Bg5 38.Kg2 Qd8 39.h4 Be7 40.Qa5 Kf8 41.Qxd8+ Rxd8 42.Na5 Ra8 43.Rxa8+ Bxa8
44.Nc6 Bxc6 45.dxc6 Ne6 46.Nd5 Bd8 47.Bd3 Ba5 48.Bc4 Ke8 49.Nf6+ Ke7 50.Bxe6 fxe6
51.Nxh7 d5 52.Kf3 Bd8 53.Ng5 Bc7 54.Ke2 Kd6 55.Kd3 Kxc6 56.Nxe6 Bb6 57.Nf8 Bxf2
58.Nxg6 Bxg3 59.h5 Bf4 60.Nxf4 exf4 61.h6 f3 62.h7 dxe4+ 63.Ke3  1-0